000
00308nam a2200145Ia 4500
008
151213s9999 xx 000 0 und d
100
_a
U G C
245
_a
U G C
_c
U G C
260
_a
Dhaka
_b
U G C
_c
2001
300
_a
7302 p.
650
_a
Reference
650
_a
Report
700
_a
U G C
999
_c
3873
_d
3873